00266nam a2200109Ia 4500008004100000100002300041245002400064260003200088650001200120942000700132999001700139190216s9999||||xx |||||||||||||| ||und|| aRobert S Kingsburg 0aElements Of Physics bVanmostrand East West Press aPhysics cBK c32689d32689